काव्यप्रकाश, सम्पा नगेन्द्र, हिं व्या विश्वेश्वर (Record no. 310508)

MARC details
000 -LEADER
fixed length control field 00760nam a2200205Ia 4500
003 - CONTROL NUMBER IDENTIFIER
control field OSt
005 - DATE AND TIME OF LATEST TRANSACTION
control field 20251217152608.0
008 - FIXED-LENGTH DATA ELEMENTS--GENERAL INFORMATION
fixed length control field 220922b |||||||| |||| 00| 0 hin d
037 ## - SOURCE OF ACQUISITION
Terms of availability TB
040 ## - CATALOGING SOURCE
Original cataloging agency ARTS
Transcribing agency ARTS
Language of cataloging hin
041 ## - LANGUAGE CODE
Source of code hin
Language code of text/sound track or separate title hin
084 ## - COLON CLASSIFICATION NUMBER
Classification number O15:gx8,1 152K0;L4 (TB)
Assigning agency AL
100 ## - MAIN ENTRY--PERSONAL NAME
Personal name मम्मट
9 (RLIN) 857542
245 #0 - TITLE STATEMENT
Title काव्यप्रकाश, सम्पा नगेन्द्र, हिं व्या विश्वेश्वर
246 ## - VARYING FORM OF TITLE
Title proper/short title Kāvyaprakāsha, sampā0 nagendra, hian0 vyā0 vishveshvara
260 ## - PUBLICATION, DISTRIBUTION, ETC.
Date of publication, distribution, etc. 1960
490 ## - SERIES STATEMENT
Series statement ज्ञानमण्डल ग्रन्थमाला; 93
942 ## - ADDED ENTRY ELEMENTS (KOHA)
Classification part O15:gx8,1 152K0;1
Koha item type Textbook
Source of classification or shelving scheme Colon Classification (CC)
Suppress in OPAC No
Holdings
Withdrawn status Lost status Source of classification or shelving scheme Damaged status Not for loan Home library Current library Date acquired Total Checkouts Full call number Barcode Date last seen Price effective from Koha item type
    Colon Classification (CC)     Arts Library Arts Library 2022-09-23   O15:gx8,1 152K0;1 AL0169372 2022-09-23 2022-09-23 Textbook
Copyright @ Delhi University Library System